[Event "II. CLANSKA LIGA ZAHOD 2018"]
[Site "Komenda"]
[Date "2018.11.24"]
[Round "6.4"]
[White "Muhic, Jure"]
[Black "Bedic, Slavko"]
[Result "1/2-1/2"]
[WhiteElo "1848"]
[BlackElo "1852"]
[PlyCount "67"]
[EventDate "2018.11.24"]
[WhiteTeam "SK DOLENJSKE TOPLICE"]
[BlackTeam "SD MATRIKA STARI TRG OB KOLPI"]

1. g3 Nf6 2. Bg2 d5 3. Nf3 c5 4. O-O Nc6 5. d4 cxd4 6. Nxd4 e6 7. c4 Bc5 8.
Nxc6 bxc6 9. Nc3 O-O 10. cxd5 cxd5 11. e4 Ba6 12. Re1 Qb6 13. Be3 Bxe3 14. Rxe3
d4 15. Na4 Qd8 16. Re1 Rc8 17. e5 Nd7 18. b3 Nc5 19. Nxc5 Rxc5 20. Qd2 d3 21.
Rac1 Qd4 22. Rxc5 Qxc5 23. Be4 Rd8 24. Re3 Qd4 25. Kf1 g6 26. f4 h5 27. h4 Kg7
28. Ke1 Qa1+ 29. Kf2 Qd4 30. Ke1 Rd7 31. Kf2 Rd8 32. Ke1 Qa1+ 33. Kf2 Qd4 34.
Ke1 1/2-1/2

[Event "II. CLANSKA LIGA ZAHOD 2018"]
[Site "Komenda"]
[Date "2018.11.24"]
[Round "6.5"]
[White "Danculovic, Jovica"]
[Black "Janko, Roman"]
[Result "1/2-1/2"]
[WhiteElo "1798"]
[BlackElo "1869"]
[PlyCount "110"]
[EventDate "2018.11.24"]
[WhiteTeam "SD MATRIKA STARI TRG OB KOLPI"]
[BlackTeam "SK DOLENJSKE TOPLICE"]

1. e4 c5 2. c3 e6 3. d4 d5 4. exd5 exd5 5. Nf3 Nf6 6. Bb5+ Bd7 7. Qe2+ Qe7 8.
Be3 Ng4 9. O-O Nxe3 10. fxe3 a6 11. Bxd7+ Nxd7 12. Nbd2 O-O-O 13. e4 dxe4 14.
Qxe4 Qxe4 15. Nxe4 f6 16. Rad1 Re8 17. Rfe1 cxd4 18. cxd4 Bb4 19. Nc3 Nb6 20.
Kf2 Kd7 21. Nd2 Rxe1 22. Rxe1 Rc8 23. Re3 Nc4 24. Nxc4 Rxc4 25. Rd3 f5 26. Ke3
Bd6 27. g3 Ke6 28. b3 Rc8 29. Ne2 g5 30. Kd2 h5 31. d5+ Kf6 32. Re3 Be5 33. Kd3
f4 34. gxf4 gxf4 35. Rh3 Kg5 36. Ke4 Re8 37. Rd3 Bd6+ 38. Kf3 h4 39. h3 Kf5 40.
Nd4+ Ke5 41. Ne2 Rg8 42. a4 Rg7 43. Rd2 Rg8 44. Rd3 b5 45. axb5 axb5 46. Rd4
Rg3+ 47. Nxg3 Kxd4 48. Nf5+ Kxd5 49. Nxh4 Kc5 50. Nf5 Be5 51. Ke4 Bc3 52. Kxf4
Kb4 53. Nd6 Bg7 54. Kf5 Bf8 55. Nxb5 Kxb5 1/2-1/2

[Event "II. CLANSKA LIGA ZAHOD 2018"]
[Site "Komenda"]
[Date "2018.11.24"]
[Round "6.6"]
[White "Gorse, Damjan"]
[Black "Brgan, Niko"]
[Result "0-1"]
[WhiteElo "1797"]
[BlackElo "2079"]
[PlyCount "84"]
[EventDate "2018.11.24"]
[WhiteTeam "SK DOLENJSKE TOPLICE"]
[BlackTeam "SD MATRIKA STARI TRG OB KOLPI"]

1. e4 e5 2. Nf3 Nc6 3. Bc4 Bc5 4. O-O d6 5. h3 Be6 6. Bxe6 fxe6 7. c3 Bb6 8. d4
exd4 9. cxd4 Nge7 10. d5 exd5 11. exd5 Ne5 12. Nc3 O-O 13. Ng5 Rf6 14. Nce4 Rg6
15. Kh1 Nf5 16. f4 Nc4 17. Qh5 Qe8 18. Qxh7+ Kf8 19. Ne6+ Ke7 20. g4 Qh8 21.
N6g5 Qxh7 22. Nxh7 Rh6 23. Nhg5 Nfe3 24. Bxe3 Nxe3 25. Rf3 Nxg4 26. Re1 Kd7 27.
Kg2 Nf6 28. Rd3 Re8 29. Kf3 Rhh8 30. Kg3 Re7 31. f5 Re5 32. Nxf6+ gxf6 33. Rxe5
dxe5 34. Ne4 Ke7 35. b3 Bd4 36. Nc3 Rg8+ 37. Kf3 Rg5 38. Ke4 Rh5 39. Rf3 Bxc3
40. Rxc3 Rh4+ 41. Kd3 Rxh3+ 42. Kc4 b5+ 0-1

[Event "II. CLANSKA LIGA ZAHOD 2018"]
[Site "Komenda"]
[Date "2018.11.24"]
[Round "6.1"]
[White "Buha, Drago"]
[Black "Persl, Bojan"]
[Result "1-0"]
[WhiteElo "1950"]
[BlackElo "2080"]
[PlyCount "108"]
[EventDate "2018.11.24"]
[WhiteTeam "SD RADOVLJICA"]
[BlackTeam "SK LJUBLJANA"]

1. d4 Nf6 2. Nc3 d5 3. Bf4 c6 4. e3 Bf5 5. Bd3 e6 6. Nge2 Bb4 7. a3 Ba5 8. O-O
O-O 9. b4 Bb6 10. Ng3 Bg6 11. h3 Nbd7 12. Nce2 Re8 13. c4 e5 14. dxe5 Nxe5 15.
Bxe5 Rxe5 16. Bxg6 hxg6 17. c5 Bc7 18. Nd4 Qe8 19. Nf3 Re7 20. Ne2 Ne4 21. Ned4
b6 22. cxb6 axb6 23. Ne2 Rd8 24. Qa4 c5 25. Qxe8+ Rexe8 26. Rfc1 g5 27. bxc5
bxc5 28. Nc3 f6 29. a4 f5 30. Nxe4 fxe4 31. Nxg5 Bd6 32. h4 d4 33. Rc4 d3 34.
Nxe4 Be7 35. g3 Rc8 36. Rd1 Red8 37. Rc3 c4 38. Nd2 Bb4 39. Rxc4 Rxc4 40. Nxc4
Rc8 41. Ne5 d2 42. Kf1 Ra8 43. Nf3 Rxa4 44. Nxd2 Ra2 45. Ne4 Kf7 46. Kg2 Ke6
47. Kf3 Be7 48. Rb1 Rc2 49. Rb6+ Ke5 50. Rb7 Ke6 51. Rb5 Ra2 52. Ng5+ Kd6 53.
e4 Bf6 54. e5+ Bxe5 1-0

[Event "II. CLANSKA LIGA ZAHOD 2018"]
[Site "Komenda"]
[Date "2018.11.24"]
[Round "6.2"]
[White "Trussevich, Simon"]
[Black "Jovan, Romuald"]
[Result "1-0"]
[WhiteElo "2009"]
[BlackElo "1914"]
[PlyCount "100"]
[EventDate "2018.11.24"]
[WhiteTeam "SK LJUBLJANA"]
[BlackTeam "SD RADOVLJICA"]

1. d4 Nf6 2. c4 g6 3. Nc3 Bg7 4. e4 d6 5. Nf3 Nbd7 6. Be2 O-O 7. O-O c5 8. d5
a6 9. a4 Rb8 10. h3 Ne8 11. Bf4 h6 12. Re1 Kh7 13. Bd3 e5 14. dxe6 fxe6 15. Bd2
Qf6 16. Qe2 b6 17. Nh2 Ne5 18. Bc2 Nc6 19. Ng4 Qh4 20. Be3 h5 21. Nh2 Nd4 22.
Qd2 Qe7 23. Bd1 Bb7 24. Nf3 e5 25. Ng5+ Kg8 26. Nd5 Bxd5 27. exd5 Nc7 28. h4
Bf6 29. Bc2 Qg7 30. Ne4 Qe7 31. Ng5 Nf5 32. g3 Bxg5 33. Bxg5 Qf7 34. Bxf5 gxf5
35. b4 Ne8 36. a5 Nf6 37. Bxf6 Qxf6 38. axb6 Rxb6 39. bxc5 dxc5 40. Qe3 f4 41.
Qxe5 Qg6 42. Kh1 fxg3 43. Rg1 Rf3 44. Rxg3 Rxg3 45. Qxg3 Kg7 46. Qxg6+ Kxg6 47.
Ra5 Kf6 48. Rxc5 Ke5 49. Kg2 Rg6+ 50. Kh3 Kd4 {nejasno (52)} 1-0

[Event "II. CLANSKA LIGA ZAHOD 2018"]
[Site "Komenda"]
[Date "2018.11.24"]
[Round "6.3"]
[White "Prestrl, Jozef"]
[Black "Zmavc, Mark"]
[Result "1/2-1/2"]
[WhiteElo "1877"]
[BlackElo "1727"]
[PlyCount "103"]
[EventDate "2018.11.24"]
[WhiteTeam "SD RADOVLJICA"]
[BlackTeam "SK LJUBLJANA"]

1. c4 Nf6 2. Nc3 e5 3. g3 c6 4. Bg2 d5 5. d3 h6 6. a3 a5 7. Nf3 d4 8. Ne4 Nxe4
9. dxe4 Bd6 10. O-O O-O 11. e3 c5 12. Qd3 Nc6 13. Bd2 a4 14. h3 Be6 15. Kh2 Na5
16. Bxa5 Qxa5 17. Nd2 Rab8 18. Rab1 b5 19. cxb5 Qxb5 20. Qxb5 Rxb5 21. exd4
cxd4 22. Rfc1 Ba2 23. Bf1 Rbb8 24. Ra1 Rxb2 25. Nc4 Bxc4 26. Rxc4 Rxf2+ 27. Kg1
Rf3 28. Rxa4 Rxg3+ 29. Bg2 Rc8 30. Kh2 Rb3 31. Ra6 Be7 32. a4 Bg5 33. a5 Bf4+
34. Kg1 Rcb8 35. Rc6 Rb1+ 36. Rxb1 Rxb1+ 37. Kf2 Rb2+ 38. Kf3 Ra2 39. a6 d3 40.
Bf1 Ra3 41. Rd6 d2+ 42. Kf2 Kf8 43. Bb5 Ra1 44. Be2 g6 45. Rd7 Ra3 46. Kg2 Be3
47. Rd5 Bd4 48. Rd6 Ra1 49. Rd8+ Ke7 50. Rb8 Rxa6 51. Rb1 f5 52. Bxa6 1/2-1/2

[Event "II. CLANSKA LIGA ZAHOD 2018"]
[Site "Komenda"]
[Date "2018.11.24"]
[Round "6.4"]
[White "Jersic, Aleks"]
[Black "Torkar, Boris"]
[Result "1-0"]
[WhiteElo "1650"]
[BlackElo "1820"]
[PlyCount "68"]
[EventDate "2018.11.24"]
[WhiteTeam "SK LJUBLJANA"]
[BlackTeam "SD RADOVLJICA"]

1. e4 e6 2. d4 d5 3. Nc3 Nf6 4. Bg5 Be7 5. exd5 exd5 6. Bd3 Bg4 7. Nge2 O-O 8.
O-O c6 9. Qd2 Bd6 10. h3 Bh5 11. Nf4 Bg6 12. Nxg6 hxg6 13. Rae1 Nbd7 14. f4 Qb6
15. f5 Qxd4+ 16. Be3 Qh4 17. Bf2 Qh7 18. fxg6 fxg6 19. Qg5 Ne4 20. Nxe4 Bf4 21.
Qe7 Rf7 22. Qh4 Raf8 23. Qxh7+ Kxh7 24. Nc3 c5 25. Nxd5 Bd2 26. Re6 Nf6 27.
Nxf6+ Rxf6 28. Rxf6 Rxf6 29. Bxc5 Rc6 30. Bxa7 b6 31. Bb8 Be3+ 32. Kh1 Bd4 33.
c3 Bf6 34. Bg3 Rc8 {nejasno (46)} 1-0

[Event "II. CLANSKA LIGA ZAHOD 2018"]
[Site "Komenda"]
[Date "2018.11.24"]
[Round "6.5"]
[White "Krivec, Metod"]
[Black "Hribar, Andrej"]
[Result "1-0"]
[WhiteElo "1753"]
[BlackElo "1725"]
[PlyCount "63"]
[EventDate "2018.11.24"]
[WhiteTeam "SD RADOVLJICA"]
[BlackTeam "SK LJUBLJANA"]

1. d4 g6 2. c4 Bg7 3. Nc3 Nf6 4. e4 d6 5. Nf3 O-O 6. Be2 c5 7. d5 a6 8. O-O Qc7
9. Bg5 e5 10. Rc1 Nh5 11. Qd2 f5 12. exf5 Bxf5 13. Nh4 Nf6 14. Nxf5 gxf5 15. f3
Qf7 16. Kh1 Nbd7 17. Bd3 Ne8 18. Rce1 Rc8 19. g4 f4 20. Bf5 Nc7 21. Ne4 Bf6 22.
Nxd6 Qg7 23. Bxf6 Qxf6 24. Nxc8 Nb8 25. Re2 Rd8 26. Rfe1 Re8 27. Qc3 b5 28. b3
Qf8 29. Rxe5 Rxc8 30. Bxc8 Qxc8 31. Rg5+ Kf7 32. Qg7# 1-0

[Event "II. CLANSKA LIGA ZAHOD 2018"]
[Site "Komenda"]
[Date "2018.11.24"]
[Round "6.6"]
[White "Topolovec, Vid"]
[Black "Cerne, Anton"]
[Result "1/2-1/2"]
[WhiteElo "1671"]
[BlackElo "1703"]
[PlyCount "70"]
[EventDate "2018.11.24"]
[WhiteTeam "SK LJUBLJANA"]
[BlackTeam "SD RADOVLJICA"]

1. e4 c5 2. Nf3 g6 3. Bc4 Bg7 4. c3 Nc6 5. Ng5 e6 6. d3 h6 7. Nf3 Nf6 8. Bf4 d5
9. exd5 exd5 10. Qe2+ Ne7 11. Bb3 O-O 12. O-O Re8 13. Qd2 Kh7 14. Ne5 Be6 15.
Ba4 Rf8 16. Qe3 Rc8 17. Nd2 Qa5 18. Bc2 Nf5 19. Qe2 Nh5 20. Bg3 d4 21. Ndc4 Qd8
22. Rae1 Re8 23. Ba4 Re7 24. Qd2 a6 25. Bd1 Nf6 26. Bf3 b5 27. Na3 Qb6 28. c4
b4 29. Nb1 a5 30. a4 Ng8 31. h3 Ree8 32. b3 Nf6 33. Qf4 g5 34. Qc1 Rg8 35. Nd2
Rgf8 1/2-1/2

[Event "II. CLANSKA LIGA ZAHOD 2018"]
[Site "Komenda"]
[Date "2018.11.24"]
[Round "6.1"]
[White "Skoberne, Jure"]
[Black "Jukan, Nesib"]
[Result "1-0"]
[WhiteElo "2572"]
[BlackElo "2018"]
[PlyCount "47"]
[EventDate "2018.11.24"]
[WhiteTeam "SD POSOCJE"]
[BlackTeam "SK TRZIN"]

1. Nf3 Nf6 2. g3 d5 3. Bg2 c6 4. c4 dxc4 5. O-O Nbd7 6. Na3 Nb6 7. Qc2 Be6 8.
Ng5 Bg4 9. Nxc4 Nxc4 10. Qxc4 e6 11. e4 Be7 12. e5 Nd7 13. Nxf7 Kxf7 14. Qxg4
Nxe5 15. Qh5+ Ng6 16. Re1 Bf6 17. Bh3 Re8 18. Qxh7 Qd5 19. Bg2 Qc5 20. Be4 Ne7
21. Bf3 Rh8 22. Qe4 Rxh2 23. d4 Qa5 24. Qxe6+ 1-0

[Event "II. CLANSKA LIGA ZAHOD 2018"]
[Site "Komenda"]
[Date "2018.11.24"]
[Round "6.2"]
[White "Borisek, Anze"]
[Black "Biti, Ozren"]
[Result "0-1"]
[WhiteElo "1916"]
[BlackElo "2368"]
[PlyCount "72"]
[EventDate "2018.11.24"]
[WhiteTeam "SK TRZIN"]
[BlackTeam "SD POSOCJE"]

1. f4 g6 2. Nf3 Bg7 3. g3 d6 4. Bg2 Nf6 5. d3 O-O 6. O-O e5 7. fxe5 dxe5 8. e4
Nbd7 9. a4 Re8 10. Bd2 c6 11. Na3 b5 12. Qe1 Bf8 13. Kh1 a6 14. Bg5 h6 15. Be3
Bb7 16. Bh3 Qe7 17. Qf2 Bg7 18. g4 Nh7 19. g5 h5 20. Nb1 Nhf8 21. Nbd2 Ne6 22.
Rg1 Nec5 23. a5 Ne6 24. Nb3 Ndf8 25. Nc5 Bc8 26. c3 Qc7 27. Bf1 Nxc5 28. Bxc5
Ne6 29. Be3 c5 30. h4 Bb7 31. b3 c4 32. dxc4 bxc4 33. Bxc4 Bxe4 34. Kh2 Bxf3
35. Qxf3 e4+ 36. Qg3 Be5 0-1

[Event "II. CLANSKA LIGA ZAHOD 2018"]
[Site "Komenda"]
[Date "2018.11.24"]
[Round "6.3"]
[White "Beletic, Danijel"]
[Black "Krupenko, Peter"]
[Result "1-0"]
[WhiteElo "2364"]
[BlackElo "1764"]
[PlyCount "71"]
[EventDate "2018.11.24"]
[WhiteTeam "SD POSOCJE"]
[BlackTeam "SK TRZIN"]

1. d4 d5 2. Bf4 Nf6 3. e3 e6 4. Nd2 Bd6 5. Bg3 O-O 6. Bd3 b6 7. c3 Bb7 8. Qb1
h6 9. Ngf3 Qe7 10. Ne5 Nbd7 11. f4 c5 12. Bh4 c4 13. Bc2 b5 14. Nxd7 Qxd7 15.
Bxf6 gxf6 16. Qd1 f5 17. Qh5 Kg7 18. g4 Rh8 19. gxf5 exf5 20. Nf3 Rae8 21. Ne5
Bxe5 22. fxe5 Bc8 23. Kd2 Kf8 24. Raf1 Qe7 25. Bxf5 Bxf5 26. Rxf5 Rb8 27. Rhf1
Rb7 28. Rf6 b4 29. e6 bxc3+ 30. bxc3 Rh7 31. Rxf7+ Rxf7 32. Rxf7+ Qxf7 33. exf7
Rb2+ 34. Kc1 Rxa2 35. Qg6 Rf2 36. Qg8+ 1-0

[Event "II. CLANSKA LIGA ZAHOD 2018"]
[Site "Komenda"]
[Date "2018.11.24"]
[Round "6.4"]
[White "Leben, Dusan"]
[Black "Ursic, Mateja"]
[Result "1/2-1/2"]
[WhiteElo "1857"]
[BlackElo "1985"]
[PlyCount "103"]
[EventDate "2018.11.24"]
[WhiteTeam "SK TRZIN"]
[BlackTeam "SD POSOCJE"]

1. e4 e5 2. Nf3 Nc6 3. Bb5 a6 4. Bxc6 dxc6 5. O-O Bg4 6. h3 h5 7. d3 Bxf3 8.
Qxf3 Qf6 9. Nd2 O-O-O 10. Qxf6 Nxf6 11. Nc4 Nd7 12. f4 Bc5+ 13. Kh2 f6 14. fxe5
Nxe5 15. Nxe5 Bd6 16. Bf4 fxe5 17. Be3 Rdf8 18. g3 Kd7 19. Kg2 Ke6 20. Rxf8
Rxf8 21. Rf1 Rxf1 22. Kxf1 c5 23. c4 b6 24. Ke2 Be7 25. Kf3 g5 26. g4 h4 27.
Ke2 Kd7 28. Kd2 Kc6 29. Kc3 Kd7 30. Kb3 Kc6 31. a3 Kd7 32. Ka4 Kc6 33. Bd2 Kd7
34. b4 cxb4 35. axb4 c6 36. Be3 Kc7 37. d4 b5+ 38. Kb3 exd4 39. Bxd4 Kd7 40. c5
Ke6 41. Kc2 Bd8 42. Bc3 Bc7 43. Kd3 Bd8 44. Ke2 Be7 45. Kd3 Bd8 46. Bg7 a5 47.
bxa5 Bxa5 48. Bd4 Bc7 49. Be3 Bd8 50. Kd4 Bf6+ 51. Kd3 Be7 52. Kd4 1/2-1/2

[Event "II. CLANSKA LIGA ZAHOD 2018"]
[Site "Komenda"]
[Date "2018.11.24"]
[Round "6.5"]
[White "Hozjan, Erik"]
[Black "Grum, Andrej"]
[Result "1-0"]
[WhiteElo "1953"]
[BlackElo "1764"]
[PlyCount "75"]
[EventDate "2018.11.24"]
[WhiteTeam "SD POSOCJE"]
[BlackTeam "SK TRZIN"]

1. e4 c5 2. Nc3 Nc6 3. Bb5 e5 4. d3 a6 5. Bxc6 bxc6 6. f4 exf4 7. Bxf4 Be7 8.
Nf3 Nf6 9. O-O Qb6 10. Na4 Qa7 11. c4 O-O 12. e5 Ne8 13. Ng5 d5 14. Nc3 Nc7 15.
Qh5 Bxg5 16. Bxg5 Be6 17. Be7 Rfc8 18. Rf4 Ne8 19. Rh4 h6 20. Bf6 Kf8 21. Bxg7+
Nxg7 22. Qxh6 Ke7 23. Qxg7 Rg8 24. Qf6+ Kd7 25. Rh7 Raf8 26. cxd5 cxd5 27. Nxd5
c4+ 28. Kh1 Qc5 29. Nf4 Bd5 30. dxc4 Bxc4 31. Rd1+ Kc8 32. Rh6 Kb8 33. b3 Be6
34. Nxe6 fxe6 35. Qxe6 Qf2 36. Qd6+ Ka7 37. Qxa6+ Kb8 38. Rb6+ 1-0

[Event "II. CLANSKA LIGA ZAHOD 2018"]
[Site "Komenda"]
[Date "2018.11.24"]
[Round "6.6"]
[White "Konvalinka, Kostja"]
[Black "Ursic, Jakob"]
[Result "1-0"]
[WhiteElo "1723"]
[BlackElo "1925"]
[PlyCount "65"]
[EventDate "2018.11.24"]
[WhiteTeam "SK TRZIN"]
[BlackTeam "SD POSOCJE"]

1. e4 e5 2. Nf3 Nc6 3. Bc4 Nf6 4. Ng5 d5 5. exd5 Na5 6. Bb5+ c6 7. dxc6 bxc6 8.
Be2 Bc5 9. Nc3 O-O 10. d3 Nd5 11. O-O f5 12. Re1 Qb6 13. Rf1 Qc7 14. a3 Nb7 15.
Re1 Bd6 16. h3 Nc5 17. d4 Nxc3 18. bxc3 Ne4 19. Bc4+ Kh8 20. Nxh7 g6 21. Nxf8
Bxf8 22. Bd3 Nxc3 23. Qf3 e4 24. Bxe4 Nxe4 25. Rxe4 fxe4 26. Qxf8+ Kh7 27. Qh6+
Kg8 28. Qxg6+ Kf8 29. Bh6+ Ke7 30. Qxe4+ Kf6 31. Bf4 Bf5 32. Qxf5+ Kxf5 33.
Bxc7 1-0

[Event "II. CLANSKA LIGA ZAHOD 2018"]
[Site "Komenda"]
[Date "2018.11.24"]
[Round "6.1"]
[White "Juhant, Igor"]
[Black "Siraj, Anej"]
[Result "1-0"]
[WhiteElo "1987"]
[BlackElo "1905"]
[PlyCount "59"]
[EventDate "2018.11.24"]
[WhiteTeam "SK KOMENDA"]
[BlackTeam "SD VRHNIKA"]

1. e4 c5 2. Nf3 d6 3. d4 cxd4 4. Nxd4 Nf6 5. Nc3 g6 6. Be3 Bg7 7. f3 O-O 8. Qd2
Nc6 9. O-O-O Bd7 10. g4 Ne5 11. h4 h5 12. gxh5 Nxh5 13. Rg1 Rc8 14. Kb1 Re8 15.
f4 Ng4 16. f5 Nxe3 17. Qxe3 Qa5 18. fxg6 f5 19. Be2 f4 20. Qd2 Ng3 21. Qxf4
Nxe2 22. Qf7+ Kh8 23. Ncxe2 Rf8 24. Qxe7 Ba4 25. Rg5 Rc5 26. Ne6 Bxc2+ 27. Ka1
Bxb2+ 28. Kxb2 Rb5+ 29. Ka1 Qd2 30. Qh7# 1-0

[Event "II. CLANSKA LIGA ZAHOD 2018"]
[Site "Komenda"]
[Date "2018.11.24"]
[Round "6.2"]
[White "Novak, Robert"]
[Black "Kralj, Nejc"]
[Result "1/2-1/2"]
[WhiteElo "1696"]
[BlackElo "1734"]
[PlyCount "101"]
[EventDate "2018.11.24"]
[WhiteTeam "SD VRHNIKA"]
[BlackTeam "SK KOMENDA"]

1. d4 d5 2. c4 c6 3. Nf3 Nf6 4. Bg5 e6 5. e3 Nbd7 6. Nc3 Be7 7. Bd3 O-O 8. O-O
dxc4 9. Bxc4 c5 10. Rc1 a6 11. a4 b6 12. Bd3 Bb7 13. e4 cxd4 14. Nxd4 Nc5 15.
e5 Nd5 16. Bxe7 Nxe7 17. Bb1 Ng6 18. f4 Qh4 19. Qe1 Qg4 20. Qg3 Nxe5 21. Nxe6
Qxg3 22. hxg3 fxe6 23. fxe5 Rxf1+ 24. Rxf1 Rd8 25. b4 Nb3 26. Rf2 Rc8 27. Rc2
Nd4 28. Rd2 Rxc3 29. Rxd4 Rc1+ 30. Kh2 Rxb1 31. Rd8+ Kf7 32. Rd7+ Kg6 33. Rxb7
Rxb4 34. Kh3 h5 35. Re7 Kf5 36. Rxg7 Kxe5 37. Rg5+ Kf6 38. Rxh5 Rxa4 39. g4 b5
40. Rh6+ Kg5 41. Rxe6 b4 42. Re5+ Kg6 43. Kh4 b3 44. Re6+ Kf7 45. Rb6 Ra3 46.
g5 a5 47. g6+ Kg7 48. Kh5 Ra2 49. Rb7+ Kf6 50. Rxb3 Rxg2 51. Rb5 1/2-1/2

[Event "II. CLANSKA LIGA ZAHOD 2018"]
[Site "Komenda"]
[Date "2018.11.24"]
[Round "6.3"]
[White "Novakovic, Novica"]
[Black "Siraj, Svit"]
[Result "1/2-1/2"]
[WhiteElo "1686"]
[BlackElo "1713"]
[PlyCount "52"]
[EventDate "2018.11.24"]
[WhiteTeam "SK KOMENDA"]
[BlackTeam "SD VRHNIKA"]

1. d4 d5 2. Bf4 Bf5 3. e3 e6 4. c3 c5 5. Bxb8 Rxb8 6. Bb5+ Ke7 7. dxc5 f6 8.
Nf3 Kf7 9. Nd4 Bxb1 10. Rxb1 Bxc5 11. Bd3 Ne7 12. O-O e5 13. Ne2 b5 14. Bc2 b4
15. Bb3 Kf8 16. Rc1 bxc3 17. Nxc3 d4 18. exd4 Bxd4 19. Qh5 Qe8 20. Qf3 Rc8 21.
Rfd1 Qc6 22. Qh5 Qe8 23. Qf3 Qc6 24. Qh5 Qe8 25. Qf3 Qc6 26. Qh5 Qe8 1/2-1/2

[Event "II. CLANSKA LIGA ZAHOD 2018"]
[Site "Komenda"]
[Date "2018.11.24"]
[Round "6.4"]
[White "Redek, Leon"]
[Black "Novak, Anze"]
[Result "0-1"]
[WhiteElo "1561"]
[BlackElo "1670"]
[PlyCount "54"]
[EventDate "2018.11.24"]
[WhiteTeam "SD VRHNIKA"]
[BlackTeam "SK KOMENDA"]

1. d4 Nf6 2. c4 g6 3. Nf3 d5 4. Nc3 Bg7 5. Bg5 c6 6. e3 O-O 7. Bd3 Qa5 8. O-O
Bg4 9. h3 Bxf3 10. Qxf3 dxc4 11. Bxc4 Qxg5 12. Rad1 Nbd7 13. d5 Ne5 14. Qe2
Nxc4 15. Qxc4 cxd5 16. Nxd5 Nxd5 17. Rxd5 Qf6 18. b3 Qe6 19. Qd3 Qc6 20. Rd1
Rac8 21. Rd2 a6 22. a4 e6 23. Rd6 Qc3 24. Rd7 Qxd3 25. R2xd3 b5 26. axb5 axb5
27. Rb7 Rb8 0-1

[Event "II. CLANSKA LIGA ZAHOD 2018"]
[Site "Komenda"]
[Date "2018.11.24"]
[Round "6.5"]
[White "More, Erlend"]
[Black "Siraj, Vita"]
[Result "1/2-1/2"]
[WhiteElo "1579"]
[BlackElo "1404"]
[PlyCount "58"]
[EventDate "2018.11.24"]
[WhiteTeam "SK KOMENDA"]
[BlackTeam "SD VRHNIKA"]

1. d4 d5 2. c4 e6 3. Nc3 c5 4. cxd5 exd5 5. Bf4 Nf6 6. Nf3 Nc6 7. e3 a6 8. a3
Bf5 9. Bd3 Bg6 10. Bxg6 hxg6 11. O-O Bd6 12. dxc5 Bxc5 13. Re1 O-O 14. Kh1 d4
15. exd4 Nxd4 16. Nxd4 Bxd4 17. Qc2 Qb6 18. Be3 Bxe3 19. Rxe3 Ng4 20. Re2 Rfe8
21. Kg1 Qd6 22. g3 Qc6 23. Rae1 Rxe2 24. Rxe2 Re8 25. Rxe8+ Qxe8 26. Qe4 Qd7
27. Qd5 Qe7 28. Qe4 Qd7 29. Qd5 Qe7 1/2-1/2

[Event "II. CLANSKA LIGA ZAHOD 2018"]
[Site "Komenda"]
[Date "2018.11.24"]
[Round "6.6"]
[White "Vodnik, Val"]
[Black "Zidar, Jernej"]
[Result "0-1"]
[WhiteElo "1056"]
[BlackElo "1511"]
[PlyCount "115"]
[EventDate "2018.11.24"]
[WhiteTeam "SD VRHNIKA"]
[BlackTeam "SK KOMENDA"]

1. d4 Nf6 2. c4 g6 3. Nc3 d5 4. cxd5 Nxd5 5. e4 Nxc3 6. bxc3 Bg7 7. Qb3 O-O 8.
Nf3 c5 9. Be3 Nd7 10. Bc4 h6 11. Nh4 e6 12. Bxe6 Qxh4 13. dxc5 fxe6 14. Qxe6+
Kh7 15. c6 Ne5 16. Qb3 Nxc6 17. Bc5 Qxe4+ 18. Kf1 Re8 19. h3 Qd3+ 20. Kg1 Qxc3
21. Qxc3 Bxc3 22. Rc1 Bd4 23. Bxd4 Nxd4 24. Kh2 Nc6 25. Rc2 Bf5 26. Rb2 b6 27.
Rc1 Rac8 28. g4 Be4 29. Re2 Bd3 30. Rxe8 Rxe8 31. Rxc6 Kg8 32. Rd6 Bb1 33. Rd7
Rf8 34. Kg2 Rf7 35. Rd2 Be4+ 36. Kh2 a5 37. Rb2 Rb7 38. Kg3 Kf7 39. Kf4 Bd5 40.
Ke5 Bg2 41. h4 Re7+ 42. Kf4 Rb7 43. Ke5 Ke7 44. f4 Bf3 45. g5 Rd7 46. Rb5 h5
47. f5 gxf5 48. Kxf5 Bg4+ 49. Ke5 Rd6 50. Rd5 Rxd5+ 51. Kxd5 Be6+ 52. Kc6 Bxa2
53. Kxb6 a4 54. Kb5 Bb3 55. Kb4 Ke6 56. Kc3 Kf5 57. Kb2 Kg4 58. g6 0-1

[Event "II. CLANSKA LIGA ZAHOD 2018"]
[Site "Komenda"]
[Date "2018.11.25"]
[Round "7.1"]
[White "Siraj, Anej"]
[Black "Baric, Dusan"]
[Result "1-0"]
[WhiteElo "1905"]
[BlackElo "2091"]
[PlyCount "179"]
[EventDate "2018.11.25"]
[WhiteTeam "SD VRHNIKA"]
[BlackTeam "SD MATRIKA STARI TRG OB KOLPI"]

1. d4 Nf6 2. Nf3 g6 3. Bg5 Bg7 4. Nbd2 d6 5. e4 O-O 6. c3 Nc6 7. Bd3 e5 8. dxe5
dxe5 9. Bc2 Be6 10. O-O Qe8 11. Ba4 Bd7 12. Qc2 a6 13. Bb3 Na5 14. Nc4 Nxb3 15.
axb3 h6 16. Be3 b6 17. Ncxe5 Bc8 18. Rfe1 Bb7 19. Bd2 Qe6 20. Re2 Rfe8 21. Rae1
c5 22. Bc1 Re7 23. Nd3 Rae8 24. Nf4 Qd7 25. e5 Bxf3 26. gxf3 Nd5 27. e6 Qd6 28.
exf7+ Kxf7 29. Nxd5 Rxe2 30. Rxe2 Rxe2 31. Qxe2 Qxd5 32. Qc4 Ke6 33. Qe4+ Qxe4
34. fxe4 h5 35. f4 b5 36. Bd2 c4 37. b4 Bf8 38. Kf2 Bd6 39. h3 Bc7 40. Be3 Bd8
41. Bc5 Bh4+ 42. Kf3 Be1 43. Ke3 Bg3 44. Bb6 Bh4 45. Bc7 Be1 46. Bd8 Bg3 47.
Bg5 Be1 48. Ke2 Bg3 49. Kd2 Bf2 50. Kc2 Bg1 51. b3 Bf2 52. bxc4 bxc4 53. Kd2
Bb6 54. Bh6 Kf7 55. Bg5 Ke6 56. Bh4 Bc7 57. Ke3 Bb6+ 58. Kf3 a5 59. bxa5 Bxa5
60. Be1 Kd6 61. Ke3 Bb6+ 62. Kd2 Bc5 63. Bh4 Ke6 64. Bd8 Bd6 65. Ke3 Bc5+ 66.
Kf3 Ba7 67. Bc7 Bc5 68. Be5 Ba3 69. Bd4 Be7 70. Bb6 Bh4 71. Ke3 Be1 72. Ba5 Bg3
73. Bc7 Kd7 74. Be5 g5 75. Kf3 gxf4 76. Bxf4 Be1 77. Be5 Ke6 78. Bd4 Bd2 79.
Ke2 Bf4 80. Be3 Be5 81. Kd2 Bg3 82. Bh6 Be5 83. Bf8 Bf4+ 84. Ke2 Ke5 85. Kf3
Bd2 86. Bg7+ Ke6 87. Bd4 Be1 88. Ke3 Bg3 89. Bh8 Be1 90. Kd4 1-0

[Event "II. CLANSKA LIGA ZAHOD 2018"]
[Site "Komenda"]
[Date "2018.11.25"]
[Round "7.2"]
[White "Kobe, Uros"]
[Black "Novak, Robert"]
[Result "1/2-1/2"]
[WhiteElo "2046"]
[BlackElo "1696"]
[PlyCount "61"]
[EventDate "2018.11.25"]
[WhiteTeam "SD MATRIKA STARI TRG OB KOLPI"]
[BlackTeam "SD VRHNIKA"]

1. e4 e5 2. f4 d5 3. exd5 e4 4. d3 Nf6 5. dxe4 Nxe4 6. Qe2 Qxd5 7. Qb5+ Qxb5 8.
Bxb5+ c6 9. Bd3 Nf6 10. Nc3 b5 11. Bd2 Bc5 12. O-O-O O-O 13. h3 Re8 14. Nf3
Nbd7 15. Rhe1 Bb7 16. g4 b4 17. Ne4 Nxe4 18. Bxe4 Nf6 19. Bf5 g6 20. Bd3 a5 21.
Ne5 Bd4 22. Bc4 Nd5 23. c3 Bc5 24. Nd7 Be7 25. Re2 Rad8 26. Ne5 Bf6 27. Rde1
Bh4 28. Rd1 Bf6 29. Rde1 Bh4 30. Rd1 Bf6 31. Rde1 1/2-1/2

[Event "II. CLANSKA LIGA ZAHOD 2018"]
[Site "Komenda"]
[Date "2018.11.25"]
[Round "7.3"]
[White "Siraj, Svit"]
[Black "Stubljar, Andrej"]
[Result "0-1"]
[WhiteElo "1713"]
[BlackElo "2019"]
[PlyCount "64"]
[EventDate "2018.11.25"]
[WhiteTeam "SD VRHNIKA"]
[BlackTeam "SD MATRIKA STARI TRG OB KOLPI"]

1. d4 d5 2. Bf4 e6 3. Nf3 Nf6 4. Nbd2 Nbd7 5. e3 Be7 6. Bd3 c5 7. c3 Nh5 8. Bg3
g6 9. Ne5 Nxe5 10. dxe5 Bd7 11. f4 Nxg3 12. hxg3 c4 13. Bc2 Qb6 14. Ke2 Bc5 15.
Nf1 Qxb2 16. Rb1 Qxc3 17. Rxb7 Bc6 18. Rc7 Bxe3 19. Nxe3 d4 20. Nxc4 Qxc4+ 21.
Kf2 O-O 22. Rxh7 d3 23. Bxd3 Qxa2+ 24. Ke1 Qxg2 25. Qg4 Qg1+ 26. Ke2 Qg2+ 27.
Ke1 Be4 28. Qh4 Qg1+ 29. Kd2 Qf2+ 30. Kc3 Qe1+ 31. Kc4 Bxd3+ 32. Kc5 Qc3+ 0-1

[Event "II. CLANSKA LIGA ZAHOD 2018"]
[Site "Komenda"]
[Date "2018.11.25"]
[Round "7.4"]
[White "Bedic, Slavko"]
[Black "Siraj, Vita"]
[Result "1-0"]
[WhiteElo "1852"]
[BlackElo "1404"]
[PlyCount "81"]
[EventDate "2018.11.25"]
[WhiteTeam "SD MATRIKA STARI TRG OB KOLPI"]
[BlackTeam "SD VRHNIKA"]

1. d4 d5 2. Nf3 Bf5 3. c4 c6 4. Nc3 Nf6 5. Qb3 Qb6 6. Qxb6 axb6 7. cxd5 Nxd5 8.
Nxd5 cxd5 9. e3 Nc6 10. Bb5 f6 11. Bd2 e6 12. Ke2 Bd6 13. a3 O-O 14. Rhc1 Rac8
15. Rc3 Na5 16. Rac1 e5 17. b4 Nc4 18. Bxc4 dxc4 19. Rxc4 Ra8 20. R4c3 Bg4 21.
h3 Bxf3+ 22. Kxf3 exd4 23. exd4 Rfd8 24. Be3 f5 25. Rd1 h6 26. h4 Be7 27. g3
Rd7 28. d5 Bf6 29. Rb3 b5 30. Rbd3 Bb2 31. Bc1 Bxc1 32. Rxc1 b6 33. Rc6 Rad8
34. d6 Rb7 35. Kf4 Kh7 36. Rc7 Rxc7 37. dxc7 Rc8 38. Rd7 h5 39. Kxf5 Rf8+ 40.
Ke5 Rc8 41. Kd6 1-0